| 000 | 00655nam a2200193 a 4500 | ||
|---|---|---|---|
| 001 | 000036537 | ||
| 005 | 20200930075803.0 | ||
| 008 | 120119s1986 sp a 000 0 spa d | ||
| 020 | _a8475921051 | ||
| 040 |
_aDO-SdBNP _bspa _cBNPHU |
||
| 082 |
_axxx _bT772 |
||
| 245 | 0 | 0 |
_aTransfusión sanguinea : _bBases teóricas y aplicación clínica / _cJhon G. Kelton ... [et.al] ; prólogo Joan Grifols Espés. |
| 260 |
_aBarcelona : _bDoyma, _c1986. |
||
| 300 |
_a162 p. : _bil. ; _c28 cm. |
||
| 700 | 1 |
_aHeddle, Nancy M. _962789 |
|
| 700 | 1 |
_aBlajchman, Morris A. _962790 |
|
| 700 | 1 |
_aBrain, Elizabeth A. _962791 |
|
| 700 | 1 |
_aGrifols Espés, Joan, _epról. _962792 |
|
| 999 |
_c36028 _d36028 |
||